Klick die Disney-Charaktere - Statistiken

Allgemein
  • Dieses Quiz wurde 23.528 mal gespielt
  • Das Durchschnittsergebnis liegt bei 27 aus 32
Antworten auf der Karte
Die Antworten werden auf der Karte rot bzw. grün angezeigt, abhängig davon wie oft sie richtig erraten wurden.
 
Antwortstatistiken
Antwort % Korrekt
Micky Maus
94%
Winnie Puuh
93%
Bambi
92%
Biest
92%
Dumbo
92%
Goofy
92%
Peter Pan
92%
Pinocchio
92%
Tarzan
92%
Arielle
91%
Donald Duck
91%
Simba
91%
Stitch
90%
Ferkel
89%
Tigger
89%
Cinderella
88%
Mogli
88%
Balu
87%
I-Aah
86%
Schneewittchen
86%
Pocahontas
85%
Susi
83%
Jasmin
82%
Alice
81%
Naseweis (Tinkerbell)
81%
Strolch
80%
Lilo
79%
Belle
78%
Jiminy Grille
77%
Aurora
65%
Patch
64%
Marie
55%
Keine übereinstimmenden Quizze gefunden
Verteilung der Resultate
Anzahl Personen mit jedem Resultat
Perzentil nach korrekt beantworteten Fragen
Ihre Resultats-Entwicklung
Sie haben dieses Quiz noch nicht gespielt